Villes ayant accueilli les Jeux olympiques sur une carte - Statistiques

Statistiques générales
  • Ce quiz a été pris 74 fois
  • Le résultat moyen est 38 sur 60
Réponses sur la Carte
Les réponses sont colorées sur une échelle allant du rouge au vert en fonction du pourcentage des utilisateurs qui les ont devinées à leur premier essai. Vous pouvez retrouver ces pourcentages ci-dessous.
 
Statistiques - réponses
Type de quiz an City % Correct
Jeux olympiques d'été 1932 Los Angeles
99%
Jeux olympiques d'été 1984 Los Angeles
99%
Jeux olympiques d'été 2028 Los Angeles
99%
Jeux olympiques d'été 1900 Paris
99%
Jeux olympiques d'été 1924 Paris
99%
Jeux olympiques d'été 2024 Paris
99%
Jeux olympiques d'été 1908 Londres
97%
Jeux olympiques d'été 1948 Londres
97%
Jeux olympiques d'été 2012 Londres
97%
Jeux olympiques d'été 2016 Rio de Janeiro
97%
Jeux olympiques d'été 1964 Tokyo
96%
Jeux olympiques d'été 2020 Tokyo
96%
Jeux olympiques d'été 1896 Athènes
94%
Jeux olympiques d'été 2004 Athènes
94%
Jeux olympiques d'été 1992 Barcelone
94%
Jeux olympiques d'été 2000 Sydney
94%
Jeux olympiques d'été 2008 Pékin
93%
Jeux olympiques d'hiver 2022 Pékin
93%
Jeux olympiques d'été 1936 Berlin
91%
Jeux olympiques d'été 1980 Moscou
91%
Jeux olympiques d'été 1960 Rome
91%
Jeux olympiques d'été 1968 Mexico
86%
Jeux olympiques d'été 1988 Séoul
86%
Jeux olympiques d'été 1928 Amsterdam
83%
Jeux olympiques d'été 1952 Helsinki
81%
Jeux olympiques d'hiver 1952 Oslo
79%
Jeux olympiques d'été 1912 Stockholm
76%
Jeux olympiques d'hiver 2026 Milan
71%
Jeux olympiques d'été 1956 Melbourne
70%
Jeux olympiques d'été 1972 Munich
70%
Jeux olympiques d'hiver 2010 Vancouver
66%
Jeux olympiques d'été 1920 Anvers
64%
Jeux olympiques d'été 1976 Montréal
64%
Jeux olympiques d'hiver 2006 Turin
64%
Jeux olympiques d'hiver 1968 Grenoble
61%
Jeux olympiques d'été 1996 Atlanta
60%
Jeux olympiques d'hiver 2014 Sotchi
60%
Jeux olympiques d'hiver 1992 Albertville
54%
Jeux olympiques d'hiver 1984 Sarajevo
53%
Jeux olympiques d'hiver 2002 Salt Lake City
51%
Jeux olympiques d'hiver 2034 Salt Lake City
51%
Jeux olympiques d'été 2032 Brisbane
44%
Jeux olympiques d'hiver 1988 Calgary
43%
Jeux olympiques d'hiver 1924 Chamonix
43%
Jeux olympiques d'hiver 1964 Innsbruck
39%
Jeux olympiques d'hiver 1976 Innsbruck
39%
Jeux olympiques d'hiver 1994 Lillehammer
34%
Jeux olympiques d'été 1904 St. Louis
30%
Jeux olympiques d'hiver 1972 Sapporo
26%
Jeux olympiques d'hiver 1998 Nagano
23%
Jeux olympiques d'hiver 1928 St. Moritz
23%
Jeux olympiques d'hiver 1948 St. Moritz
23%
Jeux olympiques d'hiver 1932 Lake Placid
14%
Jeux olympiques d'hiver 1980 Lake Placid
14%
Jeux olympiques d'hiver 2018 Pyeongchang
14%
Jeux olympiques d'hiver 1956 Cortina d'Ampezzo
13%
Jeux olympiques d'hiver 2026 Cortina d'Ampezzo
13%
Jeux olympiques d'hiver 1936 Garmisch-Partenkirchen
13%
Jeux olympiques d'hiver 1960 Squaw Valley
10%
Jeux olympiques d'hiver 2030 French Alps
0%
Aucun quiz correspondant
Distribution des résultats
% des personnes avec chaque résultat
Percentile par nombre de réponses
Votre historique - résultats
Vous n’avez pas pris ce quiz